000
00343cam a2200145ua 4500
041
_a
eng
_h
082
_a
822
_b
AES/AG
100
_a
Ase, Chylus .
245
_a
Agamemnon /
_c
Aes Chylus.
_h
Textual Documents
260
_a
London :
_b
George Allen & Unwin Ltd ,
_c
1961.
300
_a
90 ; .
504
_a
942
_c
BK
999
_c
4432
_d
4432